Medidas fiscales de las comunidades autn̤omas aprobadas mediante decretos-leyes Recopilacin̤ y anl̀isis crt̕ico /

Bibliographic Details
Main Author: Cubero Truyo, Antonio
Format: eBook
Language:Spanish
Published: Madrid: Dykinson, 2016
Subjects:
Online Access:Acceso restringido

MARC

LEADER 00000nam a22000007a 4500
005 20161215232552.0
007 cr|||| ||||
008 161215s2016 es |||||s|||| 00||0 spa d
020 |a 978-84-9085-905-6 
035 |a 14657 
040 |a vLex 
090 |c 6507  |d 6507 
100 1 |a Cubero Truyo, Antonio 
245 1 0 |a Medidas fiscales de las comunidades autn̤omas aprobadas mediante decretos-leyes  |h [Recurso electrn̤ico] :  |b Recopilacin̤ y anl̀isis crt̕ico /  |c Antonio Cubero Truyo 
256 |a Servicio en ln̕ea 
260 |a Madrid:  |b Dykinson,  |c 2016 
300 |a 1 recurso electrn̤ico 
500 |a Exhaustivo anl̀isis de los l︢timos decretos-leyes ordenados por Comunidades Autn̤omas. En la obra intervienen un gran elenco de especialistas en la materia, coordinados por Antonio Cubero Truyo. 
506 1 |a Disponible solo en los productos indicados  |d vLex Global  |d vLex Global (Academic Edition, excluding Law Schools)  |d vLex Global (U.S. Academic Edition, Law Schools)  |d vLex Global (U.S. Academic Edition, excluding Law Schools)  |d vLex Global (Academic Edition, Law Schools) 
650 0 4 |a Derecho Fiscal  |z Espaą 
650 0 4 |a Derecho Tributario  |z Espaą 
650 0 4 |a Financiero  |z Espaą 
740 0 |a vLex Libros (Servicio en ln̕ea) 
856 4 0 |u http://vlex.com/source/medidas-fiscales-de-las-comunidades-autonomas-aprobadas-mediante-decretos-leyes-recopilacion-y-analisis-critico-14657  |z Acceso restringido 
942 |c BOOK 
999 0 |a Tax Law 
999 0 |a Tax Law 
999 0 |a Financial